000 00297nam a2200109Ia 4500
008 190914s9999||||xx |||||||||||||| ||und||
100 _a James Rumbaugh
245 0 _aObject-Oriented Modelling and Design for Database Applications
260 _aUSA
_bMcGraw Hill
_c1998
300 _a406
942 _cBK
999 _c8413
_d8413